Seeing double: two versions of Guercino's Joseph and Potiphar's wife

Guardat en:
Dades bibliogràfiques
Autor principal: Spear, Richard E (Autor)
Format: Llibre
Idioma:anglès
Publicat: Gainesville Harn Museum of Art 1999
Edició:1a. ed
Matèries:
Etiquetes: Afegir etiqueta
Sense etiquetes, Sigues el primer a etiquetar aquest registre!

MARC

LEADER 00000cam a2200000 a 4500
001 UCE2963
003 CL-VaPUC
008 140807e19990000us |||||||||||||||||eng|d
020 |a 0962938459 
082 0 4 |a 709.032  |b SPE  |2 21 
100 0 |a Spear, Richard E  |e author  |9 575497 
245 1 0 |a Seeing double: two versions of Guercino's Joseph and Potiphar's wife 
250 |a 1a. ed 
300 |a 64 p 
942 |c BK 
945 |d 20140807 14:45:00  |a dcastane 
260 |a Gainesville  |b Harn Museum of Art  |c 1999 
600 0 7 |a BARBIERI, GIOVANNI FRANCESCO  |2 CL-VaPUC  |9 449223 
650 0 |a Pintura barroca   |9 266157 
583 |a last modification  |c 20140807 14:45:00  |k Rodrigo Vera 
999 |c 356477  |d 356475 
952 |0 0  |1 0  |3 erb  |4 0  |6 709_032000000000000_SPE_1999  |7 0  |8 A  |9 463839  |a BIBART  |b BIBART  |i 5044375  |o 709.032 SPE 1999  |p 5044375  |r 2025-03-13  |w 2019-11-23  |y BK  |z Catalogado en:20140807  |k ART